A másság gyűlölete: a totalitarizmus eszköze
Elmentve itt :
| Szerző: | |
|---|---|
| Adatforrás: | Meister |
| Forrásdokumentuma: | A Hét. - 40 sz., 1991, 4 p. |
| Nyelv: | magyar |
| Kulcsszavak: | politológia sajtó politikai intézmények antiszemitizmus nacionalizmus populizmus zsidók Kelet-Európa Europa Natiunea Romania Mare 22 (a GDS hetilapja) RMDSZ-Romániai Magyar Demokrata Szövetség |
| LEADER | 00711nab a2200265 i 4500 | ||
|---|---|---|---|
| 001 | bibPRO00005140 | ||
| 008 | 060524s1991 xx hun | ||
| 040 | |a Sz1 | ||
| 041 | |a hun | ||
| 100 | 1 | |a VARGA Attila | |
| 245 | 1 | 2 | |a A másság gyűlölete: a totalitarizmus eszköze |c VARGA Attila |
| 695 | |a politológia | ||
| 695 | |a sajtó | ||
| 695 | |a politikai intézmények | ||
| 695 | |a antiszemitizmus | ||
| 695 | |a nacionalizmus | ||
| 695 | |a populizmus | ||
| 695 | |a zsidók | ||
| 695 | |a Kelet-Európa | ||
| 695 | |a Europa | ||
| 695 | |a Natiunea | ||
| 695 | |a Romania Mare | ||
| 695 | |a 22 (a GDS hetilapja) | ||
| 695 | |a RMDSZ-Romániai Magyar Demokrata Szövetség | ||
| 773 | 0 | |t A Hét. - |g 40 sz., 1991, 4 p. | |